| 000 | 00545nam a22001817a 4500 | ||
|---|---|---|---|
| 003 | 0 | ||
| 005 | 20240923102702.0 | ||
| 008 | 240923b xxu||||| |||| 00| 0 eng d | ||
| 020 | _a978-93-5757194-4-1 | ||
| 050 |
_aT 14.5 _b.T59 2024 |
||
| 100 | _aTiwari, Ramendra | ||
| 245 |
_aChallenges of educational technology _cTiwari, Ramendra |
||
| 260 |
_aNew Delhi India _bRandom publications _cC2024 |
||
| 300 |
_ax, 264p.: _c24cm. |
||
| 500 | _aTechnology & problems. | ||
| 650 | _aIncludes bibliographical references and index. | ||
| 942 |
_2lcc _cBK |
||
| 999 |
_c366325 _d366325 |
||